000 00346cam a2200145ua 4500
003 OSt
008 221107b |||||||| |||| 00| 0 eng d
041 _aeng
082 _a335.4
_bSEL/MO
245 _aMore on the great debate
260 _aNew Delhi :
_bPeoples publishing house ,
_c1964.
300 _a284 ; .
500 _aAnnex
942 _cBK
999 _c11138
_d11138